[Event "33rd ECCC Open 2017"]
[Site "Antalya"]
[Date "2017.10.13"]
[Round "6"]
[White "Vea, Odin Blikra"]
[Black "Taskaya, Muhammed"]
[Result "0-1"]
[WhiteElo "2211"]
[BlackElo "1980"]
[Annotator "NA"]
[PlyCount "109"]
[EventType "team-tourn"]
[EventCountry "TUR"]
[SourceTitle "playchess.com"]
[Source "ChessBase"]
[SourceQuality "1"]
[WhiteTeam "Valerenga"]
[BlackTeam "Karaman"]
[TimeControl "40/5400+30:1800+30"]

1. e4 {[%emt 0:00:30]} e6 {[%emt 0:01:00]} 2. d4 {[%emt 0:00:30]} d5 {[%emt 0:00:30]} 3. e5 {[%emt 0:00:30]} c5 {[%emt 0:00:30]} 4. c3 {[%emt 0:00:30]} Nc6 {[%emt 0:00:30]} 5. Nf3 {[%emt 0:00:00]} Bd7 {[%emt 0:00:00] LiveBook: 3058 Games} 6. a3 {[%emt 0:00:00]} c4 {[%emt 0:00:00]} 7. g3 {[%emt 0:00:00]} Na5 {[%emt 0:00:00]} 8. Nbd2 {[%emt 0:01:00]} Ne7 {[%emt 0:00:00]} 9. Bh3 {[%emt 0:00:30] C02: French: Advance Variation} (9. h4 Nc8 10. Bh3 Nb6 11. O-O Ba4 12. Qe2 Be7 13. Ne1 Qd7 14. f4 g6 15. Ng2 O-O-O 16. Ne3 Kb8 {½-½ (64) Potapov,P (2493)-Korobov,A (2692) Doha 2016}) 9... Nc8 {[%emt 0:00:00]} 10. O-O {[%emt 0:00:30]} Nb6 {[%emt 0:00:00]} 11. Ne1 {[%emt 0:01:30]} Ba4 {[%emt 0:10:30]} 12. Qe2 {[%emt 0:00:30]} Be7 {[%emt 0:05:30]} 13. f4 {[%emt 0:00:30]} g6 {[%emt 0:00:00]} 14. g4 $146 {[%emt 0:00:00]} ({Predecessor:} 14. Ng2 Qc7 15. g4 h5 {1-0 (29) Schoeneich,M-Boinowitz,T Germany 1987}) 14... h5 {[%emt 0:06:00]} 15. f5 {[%emt 0:01:00]} hxg4 {[%emt 0:01:30]} 16. fxe6 {[%emt 0:00:00]} gxh3 {[%emt 0:03:30]} 17. exf7+ {[%emt 0:05:00]} Kf8 {[%emt 0:08:30]} 18. e6 {[%emt 0:45:30]} Nb3 {[%emt 0:00:00]} 19. Nxb3 {[%emt 0:00:30]} cxb3 {[%emt 0:00:00]} 20. Qe5 {[%emt 0:00:30]} Rh7 {[%emt 0:00:00]} 21. Nf3 {[%emt 0:11:30]} Qd6 $16 {[%emt 0:06:00]} 22. Ng5 {[%emt 0:04:30]} Rh5 {[%emt 0:17:30]} 23. Nf3 {[%emt 0:09:10]} Qxe5 {[%emt 0:00:30]} 24. Nxe5 {[%emt 0:00:30]} Kg7 {[%emt 0:00:30]} 25. Bf4 {[%emt 0:00:30]} Nc4 {[%emt 0:00:30]} 26. Nxc4 {[%emt 0:00:30]} dxc4 {[%emt 0:00:30]} 27. Be5+ {[%emt 0:05:05]} Rxe5 {[%emt 0:00:30]} 28. dxe5 {[%emt 0:00:30]} Bc5+ {[%emt 0:00:30]} 29. Rf2 {[%emt 0:11:40]} Rd8 {[%emt 0:07:30]} 30. Kf1 {[%emt 0:00:30]} Bc6 {[%emt 0:00:30]} 31. Rf4 {[%emt 0:00:30]} Bd5 {[%emt 0:00:30]} 32. Rd1 {[%emt 0:00:30]} Bg2+ {[%emt 0:01:30]} 33. Ke2 {[%emt 0:00:30]} Rxd1 {[%emt 0:00:30]} 34. Kxd1 {[%emt 0:00:30]} Bd5 {[%emt 0:00:30]} 35. Rf6 {[%emt 0:00:30]} Be7 {[%emt 0:00:30]} 36. f8=Q+ {[%emt 0:00:30]} Bxf8 {[%emt 0:00:30]} 37. Rf7+ {[%emt 0:00:30]} Kg8 {[%emt 0:00:00]} 38. Rf6 {[%emt 0:00:00]} Be7 {[%emt 0:00:00]} 39. Rxg6+ {[%emt 0:00:00]} Kh7 {[%emt 0:00:00]} 40. Rg1 {[%emt 0:00:00]} Bxe6 {[%emt 0:06:00]} 41. Ke2 {[%emt 0:14:49]} Bc5 {[%emt 0:00:30]} 42. Rf1 {[%emt 0:00:30]} Be7 {[%emt 0:00:30]} 43. Ke3 {[%emt 0:00:30]} Kg6 {[%emt 0:00:30]} 44. Ke4 {[%emt 0:02:04]} b5 {[%emt 0:00:30]} 45. Kd4 {[%emt 0:11:51]} Kg5 {[%emt 0:03:30]} 46. Rg1+ {[%emt 0:00:30]} Bg4 {[%emt 0:00:30]} 47. Kd5 {[%emt 0:00:30]} Kf4 {[%emt 0:00:30]} 48. Rf1+ {[%emt 0:01:16]} Ke3 {[%emt 0:00:30]} 49. e6 {[%emt 0:00:30]} Bf3+ {[%emt 0:00:30]} 50. Ke5 {[%emt 0:00:21]} Ke2 {[%emt 0:01:30]} 51. Rg1 {[%emt 0:00:56]} Bg2 {[%emt 0:02:30]} 52. a4 {[%emt 0:01:35]} bxa4 {[%emt 0:00:30]} 53. Kd4 {[%emt 0:01:31]} Kd2 {[%emt 0:02:30]} 54. Kxc4 {[%emt 0:01:03]} Kc2 {[%emt 0:00:30]} 55. Kb5 {[%emt 0:01:49]} 0-1

[Event "33rd ECCC Open 2017"]
[Site "Antalya"]
[Date "2017.10.13"]
[Round "6"]
[White "Salihu, Sami"]
[Black "Ronka, Erik"]
[Result "1-0"]
[WhiteElo "2187"]
[BlackElo "2287"]
[Annotator "NA"]
[PlyCount "71"]
[EventType "team-tourn"]
[EventCountry "TUR"]
[SourceTitle "playchess.com"]
[Source "ChessBase"]
[SourceQuality "1"]
[WhiteTeam "Dardania"]
[BlackTeam "Etela-Vantaan"]
[TimeControl "40/5400+30:1800+30"]

1. d4 {[%emt 0:00:30]} g6 {[%emt 0:02:00]} 2. e4 {[%emt 0:00:30]} Bg7 {[%emt 0:00:30]} 3. Nf3 {[%emt 0:00:30]} d6 {[%emt 0:02:30]} 4. Bc4 {[%emt 0:01:30]} Nf6 {[%emt 0:09:30]} 5. e5 {[%emt 0:00:30]} dxe5 {[%emt 0:00:30]} 6. Nxe5 {[%emt 0:00:30]} O-O {[%emt 0:00:30]} 7. O-O {[%emt 0:00:00]} Nfd7 {[%emt 0:10:30] B06: Moderne Verteidigung} (7... Nbd7 8. c3 c5 9. h3 cxd4 10. cxd4 Nb6 11. Bb3 Nbd5 12. Nc3 Be6 13. Bg5 Nc7 14. Re1 Bd5 15. Nxd5 Nfxd5 {½-½ (35) Fridman,D (2597)-Mista,A (2588) Germany 2016}) 8. f4 {[%emt 0:01:00]} c5 {[%emt 0:06:30]} 9. dxc5 $146 {[%emt 0:00:30]} ({Vorgänger:} 9. c3 cxd4 10. cxd4 Nb6 11. Bb3 Nc6 12. Be3 Na5 13. Nc3 Nxb3 14. Qxb3 Be6 15. Qb4 {½-½ (55) Selbes,T (2302)-Kadric,D (2473) Zagreb 2013}) 9... Qc7 {[%emt 0:01:30]} 10. Nxd7 {[%emt 0:04:30]} Nxd7 {[%emt 0:01:30]} 11. Qe2 {[%emt 0:00:00]} Qxc5+ {[%emt 0:00:30]} 12. Be3 {[%emt 0:02:00]} Qc7 {[%emt 0:00:30]} 13. c3 {[%emt 0:00:30]} Nf6 {[%emt 0:00:30]} 14. Na3 {[%emt 0:00:30]} a6 {[%emt 0:07:30]} 15. Bd4 {[%emt 0:00:30]} b5 {[%emt 0:04:30]} 16. Bb3 {[%emt 0:00:30]} e6 {[%emt 0:03:30]} 17. Nc2 {[%emt 0:00:00]} Bb7 {[%emt 0:05:30]} 18. Be5 {[%emt 0:01:00]} Qb6+ {[%emt 0:03:30]} 19. Nd4 {[%emt 0:00:30]} b4 {[%emt 0:01:30]} 20. cxb4 {[%emt 0:02:30]} Qxb4 {[%emt 0:04:30]} 21. Rac1 {[%emt 0:02:30]} Rac8 {[%emt 0:14:13]} 22. Rxc8 {[%emt 0:01:30]} Rxc8 {[%emt 0:04:02]} 23. Nxe6 {[%emt 0:00:30]} fxe6 {[%emt 0:03:52]} 24. Bxe6+ {[%emt 0:01:30]} Kf8 {[%emt 0:00:07]} 25. Bxc8 {[%emt 0:00:00]} Bxc8 {[%emt 0:00:44]} 26. Rc1 {[%emt 0:01:00]} Bf5 {[%emt 0:02:18]} 27. Qxa6 {[%emt 0:00:30]} Ne8 {[%emt 0:01:19]} 28. Qc4 {[%emt 0:03:30]} Qd2 {[%emt 0:00:49]} 29. Qc3 {[%emt 0:00:00]} Qd7 {[%emt 0:00:46]} 30. Bxg7+ {[%emt 0:03:00]} Nxg7 {[%emt 0:00:01]} 31. b4 {[%emt 0:01:30]} Nh5 {[%emt 0:01:29]} 32. Qh8+ {[%emt 0:02:30]} Kf7 {[%emt 0:00:09]} 33. Qe5 $18 {[%emt 0:02:30]} ({Don't do} 33. Qxh7+ $6 Ng7 $18) 33... Qa7+ {[%emt 0:07:06]} 34. Kh1 {[%emt 0:00:30]} Qa8 {[%emt 0:01:29]} 35. Rc7+ {[%emt 0:00:30]} Kg8 {[%emt 0:00:00]} 36. Qe7 {[%emt 0:00:30]} 1-0

[Event "33rd ECCC Open 2017"]
[Site "Antalya"]
[Date "2017.10.13"]
[Round "6"]
[White "Jackson, Carl"]
[Black "Bjornsson, Sigurbjorn"]
[Result "0-1"]
[WhiteElo "2149"]
[BlackElo "2277"]
[Annotator "NA"]
[PlyCount "74"]
[EventType "team-tourn"]
[EventCountry "TUR"]
[SourceTitle "playchess.com"]
[Source "ChessBase"]
[SourceQuality "1"]
[WhiteTeam "Gonzaga"]
[BlackTeam "Fjolnir"]
[TimeControl "40/5400+30:1800+30"]

1. e4 {[%emt 0:00:30]} c5 {[%emt 0:01:00]} 2. Nc3 {[%emt 0:00:30]} a6 {[%emt 0:00:30]} 3. g3 {[%emt 0:00:00]} b5 {[%emt 0:00:00]} 4. Bg2 {[%emt 0:00:00]} Bb7 {[%emt 0:00:00] LiveBook: 682 Games} 5. d3 {[%emt 0:00:00]} e6 {[%emt 0:00:30]} 6. Nf3 {[%emt 0:01:00]} d6 {[%emt 0:08:30]} 7. O-O {[%emt 0:00:30]} Nf6 {[%emt 0:01:30]} 8. Re1 {[%emt 0:00:30]} Be7 {[%emt 0:12:30] B40: Sicilian: 2...e6, Unusual lines} (8... Nbd7 9. Bf4 Be7 10. a4 b4 11. Nb1 O-O 12. Nbd2 d5 13. exd5 Nxd5 14. Ne5 Ra7 15. Nxd7 Qxd7 16. Be3 Nxe3 17. fxe3 Bxg2 18. Kxg2 {0-1 (34) Safarli,E (2592)-Caruana,F (2652) Reggio Emilia 2010}) 9. e5 {[%emt 0:02:30]} dxe5 {[%emt 0:02:30]} 10. Nxe5 {[%emt 0:00:30]} Bxg2 {[%emt 0:00:30]} 11. Kxg2 {[%emt 0:00:00]} O-O {[%emt 0:04:30]} 12. Qf3 {[%emt 0:01:00]} Ra7 {[%emt 0:04:30]} 13. Nc6 $146 {[%emt 0:01:30]} ({Predecessor:} 13. a4 b4 14. Ne4 Nfd7 15. Nc4 Nc6 16. Bf4 {1-0 (40) Daurimbetov,A (2291)-Tologontegin,S (2379) Almaty 2015}) 13... Nxc6 {[%emt 0:00:30]} 14. Qxc6 {[%emt 0:00:00]} Qc8 {[%emt 0:06:30]} 15. Qxc8 {[%emt 0:02:00]} Rxc8 {[%emt 0:00:30]} 16. a4 {[%emt 0:00:30]} b4 {[%emt 0:01:30]} 17. Ne4 {[%emt 0:02:30]} c4 {[%emt 0:03:30]} 18. Bg5 {[%emt 0:11:30]} cxd3 {[%emt 0:07:30]} 19. cxd3 {[%emt 0:03:30]} Nxe4 {[%emt 0:05:30]} 20. Bxe7 {[%emt 0:00:30]} Nxf2 {[%emt 0:08:30]} 21. Rac1 $17 {[%emt 0:03:30]} Rac7 {[%emt 0:00:30]} 22. Rxc7 {[%emt 0:00:30]} Rxc7 {[%emt 0:00:30]} 23. Kxf2 {[%emt 0:00:00]} Rxe7 {[%emt 0:00:00]} 24. Rc1 {[%emt 0:00:00]} Kf8 {[%emt 0:13:49]} 25. Rc6 {[%emt 0:03:30]} a5 {[%emt 0:02:34]} 26. Ke3 {[%emt 0:06:30]} Ke8 {[%emt 0:01:38]} 27. Kd4 {[%emt 0:09:30]} Rd7+ {[%emt 0:01:35]} 28. Kc4 {[%emt 0:01:30]} Rd5 {[%emt 0:00:56]} 29. Rc5 {[%emt 0:00:30]} Rxc5+ {[%emt 0:01:32]} 30. Kxc5 {[%emt 0:01:30]} g5 {[%emt 0:00:34]} 31. Kd6 {[%emt 0:06:30]} f5 {[%emt 0:01:42]} 32. Ke5 {[%emt 0:00:00]} b3 {[%emt 0:06:40]} 33. d4 {[%emt 0:00:00]} Ke7 {[%emt 0:00:55]} 34. d5 {[%emt 0:00:30]} exd5 {[%emt 0:00:29]} 35. Kxf5 {[%emt 0:00:30]} Kd6 {[%emt 0:00:00]} 36. Kxg5 {[%emt 0:00:30]} Ke5 {[%emt 0:00:16]} 37. Kg4 {[%emt 0:01:30]} Ke4 {[%emt 0:00:06]} 0-1

[Event "33rd ECCC Open 2017"]
[Site "Antalya"]
[Date "2017.10.13"]
[Round "6"]
[White "Halldorsson, Jon Arni"]
[Black "Mercier, Pierre-Adelin"]
[Result "1-0"]
[WhiteElo "2147"]
[BlackElo "1925"]
[Annotator "NA"]
[PlyCount "83"]
[EventType "team-tourn"]
[EventCountry "TUR"]
[SourceTitle "playchess.com"]
[Source "ChessBase"]
[SourceQuality "1"]
[WhiteTeam "Fjolnir"]
[BlackTeam "Gonzaga"]
[TimeControl "40/5400+30:1800+30"]

1. d4 {[%emt 0:00:30]} Nf6 {[%emt 0:01:00]} 2. Nf3 {[%emt 0:00:30]} g6 {[%emt 0:00:00]} 3. c4 {[%emt 0:00:30]} Bg7 {[%emt 0:00:00]} 4. Nc3 {[%emt 0:01:30]} O-O {[%emt 0:00:30]} 5. e4 {[%emt 0:00:30]} d6 {[%emt 0:00:00]} 6. Be2 {[%emt 0:01:30]} e5 {[%emt 0:00:00]} 7. dxe5 {[%emt 0:01:30]} dxe5 {[%emt 0:00:30]} 8. Qxd8 {[%emt 0:00:00]} Rxd8 {[%emt 0:00:30]} 9. Bg5 {[%emt 0:00:00]} c6 {[%emt 0:00:00]} 10. Nxe5 {[%emt 0:04:30]} Re8 {[%emt 0:00:00]} 11. Nf3 {[%emt 0:06:30] E92: King's Indian: Classical: 6 Be2 e5: 7 dxe5, 7 Be3 and Petrosian System without 7...Nbd7} (11. O-O-O Na6 12. Rd6 Nh5 13. Nd3 Bf8 14. Rd8 Rxd8 15. Bxd8 Be6 16. Bg5 Bxc4 17. Nf4 Bxe2 18. Nfxe2 Nc5 19. Rd1 Ng7 20. Nd4 Re8 {1-0 (53) Krivonosov,O (2397)-Kollars,D (2514) Riga 2017}) 11... Nxe4 {[%emt 0:04:30]} 12. Nxe4 {[%emt 0:00:30]} Rxe4 {[%emt 0:00:30]} 13. O-O-O {[%emt 0:00:00]} Re8 {[%emt 0:02:30]} 14. Rd2 {[%emt 0:07:00]} h6 $146 {[%emt 0:33:30]} ({Predecessor:} 14... Na6 15. Rhd1 Bf5 16. Nh4 Be6 17. Be3 Bf6 18. Nf3 Bf5 {0-1 (40) Fedechkin,V (1995)-Chigaev,M (2151) Kemerovo 2009}) 15. Be3 {[%emt 0:02:30]} Na6 {[%emt 0:01:30]} 16. Rhd1 {[%emt 0:02:30]} c5 {[%emt 0:00:30]} 17. Rd8 {[%emt 0:06:30]} Bf5 {[%emt 0:00:30]} 18. Rxa8 {[%emt 0:01:30]} Rxa8 {[%emt 0:00:30]} 19. Bd3 {[%emt 0:00:30]} Bxd3 {[%emt 0:02:30]} 20. Rxd3 {[%emt 0:00:30]} Rc8 {[%emt 0:00:30]} 21. Rd7 {[%emt 0:00:30]} Nc7 {[%emt 0:02:30]} 22. Bxc5 {[%emt 0:04:30]} Ne6 {[%emt 0:00:30]} 23. Bxa7 $16 {[%emt 0:00:30]} b5 {[%emt 0:00:30]} 24. Kb1 {[%emt 0:12:30]} bxc4 {[%emt 0:02:30]} 25. Kc2 {[%emt 0:13:30]} Kf8 {[%emt 0:02:30]} 26. Rb7 {[%emt 0:04:30]} Nf4 {[%emt 0:02:30]} 27. Rb8 {[%emt 0:07:30]} Rxb8 {[%emt 0:00:30]} 28. Bxb8 {[%emt 0:00:30]} Nd3 {[%emt 0:01:30]} 29. Nd2 {[%emt 0:09:36]} Nxb2 {[%emt 0:01:30]} 30. Bd6+ {[%emt 0:05:10]} Kg8 {[%emt 0:04:30]} 31. f4 {[%emt 0:00:24]} c3 {[%emt 0:01:30]} 32. Nf3 {[%emt 0:02:04]} Nc4 {[%emt 0:05:30]} 33. Bc5 {[%emt 0:00:19]} f5 {[%emt 0:02:30]} 34. Bd4 {[%emt 0:00:55]} Bxd4 {[%emt 0:10:46]} 35. Nxd4 {[%emt 0:00:06]} Ne3+ {[%emt 0:00:20]} 36. Kxc3 {[%emt 0:00:14]} Nxg2 {[%emt 0:01:15]} 37. a4 {[%emt 0:00:13]} Ne3 {[%emt 0:00:45]} 38. a5 {[%emt 0:01:04]} g5 {[%emt 0:02:02]} 39. Kb4 {[%emt 0:03:59]} Nd5+ {[%emt 0:02:24]} 40. Kc5 {[%emt 0:00:00]} Nxf4 {[%emt 0:01:58]} 41. a6 {[%emt 0:01:26]} Nd3+ {[%emt 0:00:00]} 42. Kb5 {[%emt 0:00:30]} 1-0

[Event "33rd ECCC Open 2017"]
[Site "Antalya"]
[Date "2017.10.13"]
[Round "6"]
[White "Tsarouhas, Konstantinos"]
[Black "Valeanu, Eduard-Andrei"]
[Result "1-0"]
[WhiteElo "2126"]
[BlackElo "2423"]
[Annotator "TA"]
[PlyCount "159"]
[EventType "team-tourn"]
[EventCountry "TUR"]
[SourceTitle "playchess.com"]
[Source "ChessBase"]
[SourceQuality "1"]
[WhiteTeam "Chania"]
[BlackTeam "Adare"]

{[%evp 9,159,-7,0,-12,-7,-48,0,0,49,50,104,68,82,75,102,77,102,98,165,116,139,139,145,18,127,126,136,131,138,70,249,27,36,-4,-7,-28,79,112,50,87,77,55,79,98,226,219,327,225,229,216,294,142,119,43,30,47,36,36,130,138,138,135,143,101,296,250,303,281,614,617,1087,1045,1641,1583,29990,29991,29991,404,391,366,29957,29958,29957,29958,29959,29959,29959,29957,29959,29958,29963,29964,29966,29965,29969,29969,29970,29971,29970,29972,29972,29972,29971,29975,29975,29971,29973,29974,29975,29976,29975,29977,29976,29978,29977,29979,29977,29980,29980,29981,29981,29980,29982,29977,29983,29984,29987,29986,29988,29987,29989,29988,29988,29989,29989,29990,29990,29991,29991,29990,29992,29993,29993,29994,29994,29995,29995,29996,29996,29997,29997,4153]} 1. c4 c6 2. g3 d5 3. b3 (3. Bg2 Nf6 4. Nf3 Bf5 5. cxd5 cxd5 6. O-O Nc6 7. d3 e6 8. Be3 Be7 9. Qb3 Qd7 10. Nd4 Nxd4 11. Bxd4 O-O 12. Nc3 Bg6 13. Rfd1 Bd6 14. Nb5 Bb8 15. Bxf6 gxf6 {½-½ (35) Aronian,L (2785)-Carlsen,M (2840) Doha 2016}) 3... dxc4 4. bxc4 Qd4 5. Nc3 Qxc4 6. e4 {A11: English Opening: 1...c6} Qc5 7. a4 Nd7 8. a5 $146 {The position is equal.} ({Predecessor:} 8. Bg2 e5 9. Nge2 Qa5 10. f4 Bb4 {1-0 (61) Alcazar Jimenez,V (2373)-Candela Perez,J (2393) Madrid 2013}) 8... Ne5 9. Ra4 {[%mdl 1024] Black must now prevent Ba3. White has compensation.} a6 (9... Ng4 $14 10. Qe2 N4f6) 10. Ba3 Qa7 11. d4 $36 {[%mdl 2048] White is in control.} Nd7 12. Nf3 e6 13. Bxf8 Nxf8 (13... Kxf8 $16 {was worth a try.} 14. Be2 Ne7) 14. Ne5 Nd7 15. Nc4 $1 Nh6 16. g4 (16. Nd6+ $16 Ke7 17. e5) 16... f6 {[#]} (16... b5 $1 $11 {keeps the balance.} 17. axb6 Nxb6) 17. g5 $1 $16 {[%mdl 512]} Nf7 (17... fxg5 18. Qh5+) 18. gxf6 gxf6 19. Qb3 (19. Rg1 $16) 19... O-O $2 ({Better is} 19... e5 $1 $14) 20. Bh3 $2 (20. Rg1+ $18 Kh8 21. Ne2) 20... Qxd4 $11 21. Nb6 Qe5 $1 22. Rg1+ (22. Bxe6 $2 Nxb6 23. Bxf7+ Kh8 $17) 22... Kh8 (22... Ng5 $1 $11 23. Qxe6+ (23. Nxc8 $2 Nc5 $19) 23... Kh8 24. Qxe5 Nf3+ 25. Kf1 Ndxe5 26. Bxc8 Raxc8 27. Nxc8 Nxg1) 23. Nxa8 $16 {Ne2 is the strong threat.} Nc5 24. Qa3 {Strongly threatening Ne2.} Rd8 {Hoping for ...Nd3+.} 25. Rg3 $1 Nxa4 26. Qxa4 Ng5 (26... f5 $16 27. Qb4 c5) 27. Nb6 $18 Qf4 (27... h5 {was called for.}) 28. Qc2 Nf3+ 29. Kf1 Nxh2+ 30. Kg2 (30. Ke2 $18 {and the rest is easy.}) 30... Rd2 $16 {[#]} 31. Ne2 (31. Qxd2 $1 $16 {[%mdl 512]} Qxd2 32. Nxc8) 31... Qxg3+ $1 $14 32. Nxg3 Rxc2 33. Nxc8 f5 (33... c5 $1 $14) 34. exf5 $16 exf5 35. Bxf5 Ra2 36. Nd6 h5 $2 (36... Rxa5 $16 37. Kxh2 Ra1) 37. Kxh2 $18 Rxf2+ 38. Kh3 h4 $2 (38... Rb2 39. Be6 Kg7) 39. Kxh4 Rf4+ 40. Kg5 Rb4 41. Kf6 b6 42. Kf7 bxa5 43. Kf8 (43. Nge4 $142 c5 44. Kf8 Rb8+ 45. Ne8 Rxe8+ 46. Kxe8 Kg7 47. Nxc5 Kf6 48. Bd7) 43... Rb8+ 44. Ne8 {aiming for Ne4.} a4 $2 (44... Rb5 $18 45. Nd6 Rb8+ 46. Nc8 Rb5) 45. Ne4 {White mates.} Rxe8+ 46. Kxe8 Kg7 47. Ke7 a3 48. Nc3 a5 49. Bc2 a4 50. Bxa4 c5 51. Bc2 c4 52. Na2 Kg8 53. Kf6 Kf8 54. Bg6 Kg8 55. Bf7+ Kh7 56. Bxc4 Kh6 57. Be2 Kh7 58. Nc3 a2 59. Nxa2 Kh8 60. Nc3 Kg8 61. Ne4 Kh7 62. Nd6 Kh6 63. Nf7+ Kh7 64. Bd3+ Kg8 65. Bc2 Kf8 66. Bh7 Ke8 67. Ne5 Kf8 68. Nd7+ Ke8 69. Ke6 Kd8 70. Bd3 Kc7 71. Bb5 Kd8 72. Nf6 Kc7 73. Nd5+ Kd8 74. Kd6 Kc8 75. Ke7 Kb7 76. Kd7 Kb8 77. Ba6 Ka7 78. Bc8 Kb8 79. Ne7 Ka7 80. Kc7 {Precision: White = 42%, Black = 28%.} 1-0

[Event "33rd ECCC Open 2017"]
[Site "Antalya"]
[Date "2017.10.13"]
[Round "6"]
[White "Longson, Sarah N"]
[Black "Sahin, Ozgun"]
[Result "0-1"]
[WhiteElo "2102"]
[BlackElo "2210"]
[Annotator "NA"]
[PlyCount "92"]
[EventType "team-tourn"]
[EventCountry "TUR"]
[SourceTitle "playchess.com"]
[Source "ChessBase"]
[SourceQuality "1"]
[WhiteTeam "3CS Oldham"]
[BlackTeam "Besiktas"]
[TimeControl "40/5400+30:1800+30"]

1. e4 {[%emt 0:00:30]} c5 {[%emt 0:03:00]} 2. Nf3 {[%emt 0:00:30]} g6 {[%emt 0:00:30]} 3. d4 {[%emt 0:00:00]} cxd4 {[%emt 0:00:30]} 4. Qxd4 {[%emt 0:00:00]} Nf6 {[%emt 0:00:00]} 5. Nc3 {[%emt 0:00:00]} Nc6 {[%emt 0:00:00]} 6. Qa4 {[%emt 0:00:00]} d6 {[%emt 0:00:00]} 7. e5 {[%emt 0:00:30]} dxe5 {[%emt 0:00:00]} 8. Nxe5 {[%emt 0:00:30]} Qd4 {[%emt 0:00:00] B27: Sizilianisch (Frühes Fianchetto)} (8... Bg7 9. Nxc6 bxc6 10. Qxc6+ Bd7 11. Qa6 O-O 12. Be2 Qc7 13. O-O Ng4 14. g3 Rab8 15. Qa3 Bd4 16. Bxg4 Bxg4 {½-½ (40) Saric,I (2621)-Vocaturo,D (2592) Helsingor 2017}) 9. Nxc6 {[%emt 0:02:30]} Qxa4 {[%emt 0:02:00]} 10. Nxa4 {[%emt 0:00:30]} bxc6 {[%emt 0:00:00]} 11. Be2 {[%emt 0:06:30]} Bf5 {[%emt 0:04:00]} 12. Bf3 {[%emt 0:01:30]} Nd5 {[%emt 0:03:30]} 13. c3 {[%emt 0:17:30]} O-O-O $146 {[%emt 0:03:30]} ({Vorgänger:} 13... e5 14. O-O Rc8 15. Re1 f6 16. b3 {½-½ (84) Sahl,S (2173)-Martinsen,S (2175) Norway 2017}) 14. O-O {[%emt 0:03:30]} f6 {[%emt 0:06:30]} 15. g4 {[%emt 0:18:30]} Bd3 {[%emt 0:06:30]} 16. Re1 {[%emt 0:01:30]} e5 {[%emt 0:08:30]} 17. g5 {[%emt 0:08:30]} Bc2 {[%emt 0:03:30]} 18. Bd1 {[%emt 0:02:30]} Bxd1 {[%emt 0:01:30]} 19. Rxd1 {[%emt 0:00:30]} f5 {[%emt 0:00:30]} 20. c4 $11 {[%emt 0:02:30]} Nf4 {[%emt 0:13:30]} 21. Rxd8+ {[%emt 0:01:30]} Kxd8 {[%emt 0:01:30]} 22. Be3 {[%emt 0:07:30]} Be7 {[%emt 0:02:30]} 23. Bxa7 {[%emt 0:02:30]} Bxg5 {[%emt 0:15:30]} 24. Bb8 {[%emt 0:10:55]} Nd3 {[%emt 0:01:30]} 25. Rd1 {[%emt 0:00:53]} e4 {[%emt 0:00:00]} 26. Be5 {[%emt 0:08:58]} Re8 {[%emt 0:00:00]} 27. Bd4 {[%emt 0:00:00]} Ke7 {[%emt 0:03:30]} 28. Bb6 {[%emt 0:01:37]} Rb8 {[%emt 0:02:30]} 29. b3 {[%emt 0:00:22]} h5 {[%emt 0:03:09]} 30. Kf1 {[%emt 0:01:18]} h4 {[%emt 0:01:24]} 31. h3 {[%emt 0:00:17]} Bf4 {[%emt 0:00:24]} 32. f3 {[%emt 0:00:33]} g5 {[%emt 0:01:15]} 33. fxe4 {[%emt 0:01:19]} fxe4 {[%emt 0:00:30]} 34. Bc5+ {[%emt 0:00:30]} Kf6 {[%emt 0:00:30]} 35. Bd4+ {[%emt 0:00:30]} Kf5 {[%emt 0:00:30]} 36. Nc5 {[%emt 0:00:30]} Rd8 {[%emt 0:00:30]} 37. Bg1 {[%emt 0:00:30]} Bc7 {[%emt 0:00:30]} 38. Nb7 {[%emt 0:00:03]} Ra8 {[%emt 0:12:26]} 39. Rd2 {[%emt 0:01:02]} Bf4 {[%emt 0:00:29]} 40. Rg2 {[%emt 0:00:00]} e3 {[%emt 0:01:23]} 41. c5 {[%emt 0:15:09]} Ke4 {[%emt 0:02:30]} 42. Nd6+ {[%emt 0:05:43]} Kf3 {[%emt 0:00:30]} 43. Nf5 {[%emt 0:00:22]} Rf8 {[%emt 0:06:30]} 44. Nxe3 {[%emt 0:04:03]} Bxe3 {[%emt 0:00:30]} 45. Bxe3 {[%emt 0:00:30]} Kxe3+ {[%emt 0:00:00]} 46. Kg1 {[%emt 0:00:00]} Nf4 {[%emt 0:00:00]} 0-1